000 00401nam a22001577a 4500
003 OSt
005 20170220145816.0
008 170220b xxu||||| |||| 00| 0 eng d
020 _a039395952x
040 _cru
100 _aJames A.W. Heffernan & John E. Lincoln
245 _aWriting, a college workbook
250 _a3rd ed
260 _aNew york
_bW.W. Norton & Company
_c1990
942 _2lcc
_cBK
999 _c255569
_d255568